00414cam a2200157ua 45000010005000000080039000050400009000440820015000531000036000682450055001042500009001592600037001683000017002056530013002226530021002352443110817n ii |||gr||||Z||||||asm cMAIN a398.0541621 aShastri, Biswanarayan,eAuthor.1 aAsamar janajatia hadhuced.by Biswanarayan Shastri a1st. aJorhat:bAssamsahitya Sabha,962. a360p:c23cm. aFolklore aAssamese culture